000 00537nam a2200205Ia 4500
003 IN-BaIIA
008 211028s9999 xx 000 0 eng d
020 _a3-540-10662-6
040 _cIIA Library
080 _a92:51
_bBUH
100 _aBuhler, W K
_912334
245 0 _aGauss: a biographical study
_cW. K. Buhler
260 _aBerlin
_bSpringer-Verlag
_c1981
300 _aviii, 208p.
650 _abiography
_91224
650 _aBiography-Gauss
_97806
650 _aGauss Biography
_97807
650 _aNASA Thesaurus
942 _cBK
999 _c7196
_d7196